30 Największych krajów świata - Statystyki

Ogólne statystyki
  • Ten quiz został rozwiązany 12 932 razy
  • Średni wynik to 41 z 60
Statystyki odpowiedzi
Odpowiedź % Poprawnych
1. Rosja 17 098 242
99%
3. Chiny 9 596 960
97%
4. Stany Zjednoczone 9 526 468
97%
2. Kanada 9 984 670
95%
5. Brazylia 8 515 767
92%
6. Australia 7 682 300
89%
6. Australia
89%
8. Argentyna 2 780 400
87%
7. Indie 3 287 263
86%
13. Meksyk 1 964 375
80%
9. Kazachstan 2 724 900
77%
1. Azja, Europa
73%
29. Egipt 1 001 450
72%
24. Republika Południowej Afryki 1 219 090
71%
3. Azja
70%
7. Azja
70%
9. Azja
70%
12. Azja
70%
17. Azja
70%
18. Azja
70%
10. Afryka
69%
11. Afryka
69%
15. Afryka
69%
16. Afryka
69%
20. Afryka
69%
21. Afryka
69%
22. Afryka
69%
23. Afryka
69%
24. Afryka
69%
26. Afryka
69%
28. Afryka
69%
29. Afryka
69%
30. Afryka
69%
2. Ameryka Północna
69%
4. Ameryka Północna
69%
13. Ameryka Północna
69%
5. Ameryka Południowa
69%
8. Ameryka Południowa
69%
19. Ameryka Południowa
69%
25. Ameryka Południowa
69%
27. Ameryka Południowa
69%
10. Algieria 2 381 741
68%
18. Mongolia 1 564 116
68%
12. Arabia Saudyjska 2 149 690
67%
14. Indonezja 1 904 569
63%
21. Niger 1 267 000
62%
17. Iran 1 648 195
61%
25. Kolumbia 1 138 910
58%
19. Peru 1 285 216
57%
15. Sudan 1 861 484
57%
16. Libia 1 759 540
54%
11. Demokratyczna Republika Konga 2 344 858
51%
20. Czad 1 284 000
48%
27. Boliwia 1 098 581
47%
26. Etiopia 1 104 300
46%
14. Azja, Oceania
43%
23. Mali 1 240 192
42%
22. Angola 1 246 700
40%
28. Mauretania 1 030 700
34%
30. Tanzania 947 300
33%
Nie znaleziono quizów pasujących do podanych kryteriów
Rozkład punktacji
Procent ludzi z każdym wynikiem
Percentyl według liczby udzielonych odpowiedzi
Twoja historia wyników
Nie rozwiązałeś tego quizu